[Event "ESP-chT Regional U16"]
[Site "Gijon"]
[Date "2021.06.17"]
[Round "2.3"]
[White "Lopez Milian, Adela"]
[Black "Lobo Pereira, Arami"]
[Result "0-1"]
[WhiteElo "1564"]
[BlackElo "1687"]
[PlyCount "96"]
[EventDate "2021.06.17"]
[EventType "team-swiss"]
[EventRounds "6"]
[EventCountry "ESP"]
[SourceTitle "EXT 2022"]
[Source "ChessBase"]
[SourceDate "2021.10.06"]
[SourceVersion "1"]
[SourceVersionDate "2021.10.06"]
[SourceQuality "1"]
[WhiteTeam "Castilla La Mancha U16"]
[BlackTeam "Catalunya U16"]
[WhiteTeamCountry "ESP"]
[BlackTeamCountry "ESP"]

1. d4 Nf6 2. c4 e6 3. Nc3 Bb4 4. e3 0-0 5. Nge2 Re8 6. a3 Bf8 7. Ng3 d5 8. Bd2 b6 9. Be2 Ba6 10. Qb3 Nc6 11. Qa4 Bb7 12. 0-0 Ne7 13. b4 Ng6 14. c5 c6 15. Qc2 e5 16. a4 Qc8 17. Qa2 bxc5 18. bxc5 Ba6 19. a5 Bxe2 20. Ngxe2 h5 21. Qa4 h4 22. h3 Qa6 23. Nc1 e4 24. N1a2 Qb7 25. Rfb1 Qd7 26. a6 Rab8 27. Nb4 Rec8 28. Rb2 Be7 29. Rab1 Kh8 30. Nca2 Bd8 31. Nc1 Ne7 32. Nb3 g5 33. Nc2 g4 34. hxg4 Qxg4 35. Kf1 Bc7 36. Ba5 Bh2 37. Ne1 Rg8 38. Bc3 Nh5 39. f3 Ng3+ 40. Kf2 Qf5 41. Nd2 Rxb2 42. Rxb2 exf3 43. gxf3 h3 44. Qc2 Qh5 45. Nf1 Nh1+ 46. Ke2 Rg2+ 47. Nxg2 hxg2 48. Ng3 Nxg3+ 0-1

[Event "La Mancha-ch (Women)"]
[Site "Valverde de Jucar"]
[Date "2017.07.07"]
[Round "2.1"]
[White "Lopez Milian, Adela"]
[Black "Lopez Milian, Andrea"]
[Result "0-1"]
[WhiteElo "1134"]
[BlackElo "1172"]
[PlyCount "64"]
[EventDate "2017.07.06"]
[EventType "tourn"]
[EventRounds "5"]
[EventCountry "ESP"]
[SourceTitle "EXT 2024"]
[Source "ChessBase"]
[SourceDate "2023.10.10"]
[SourceVersion "1"]
[SourceVersionDate "2023.10.10"]
[SourceQuality "1"]

1. d4 d5 2. c4 c6 3. Nc3 h6 4. Nf3 Nf6 5. e3 Bf5 6. Be2 e6 7. 0-0 Bb4 8. Bd2 a5 9. a3 Bxc3 10. Bxc3 0-0 11. Qb3 Qc7 12. c5 Ne4 13. Be1 Nd7 14. Nd2 Ng5 15. Nf3 Ne4 16. Rc1 Ndf6 17. Ne5 Nd7 18. Nxd7 Qxd7 19. f3 Nf6 20. Bg3 Nh7 21. Bd6 Rfe8 22. h4 h5 23. Rce1 g5 24. hxg5 Nxg5 25. f4 Ne4 26. Rd1 h4 27. Bd3 Kh7 28. Qc2 Rg8 29. Bxe4 Bxe4 30. Qc3 Rxg2+ 31. Kh1 Rc2+ 32. Kg1 Rg8# 0-1